Návody na cvičenia z chémie. 2 /

Uložené v:
Podrobná bibliografia
Hlavný autor: Tóth, Jozef (Author)
Médium: Kniha
Jazyk:Slovak
Vydané: Nitra : VŠP, 1991
Vydanie:3. preprac. vyd.
Témy:
ISBN: 8085175894 (brož.)
Fyzický popis: 111 s.
Tagy: Pridať tag
Žiadne tagy, Buďte prvý kto otaguje tento záznam!

MARC

LEADER 00000nam a2200000 a 4500
001 000208607
005 20060509143859.0
008 060420s1991 e 000 0 sloo
020 |a 8085175894 (brož.) 
040 |a SVKKK  |b slo  |c SVKKK  |e AACR2 
041 0 |a slo 
245 0 0 |a Návody na cvičenia z chémie.  |n 2 /  |c Jozef Tóth ... [et al.] 
250 |a 3. preprac. vyd. 
260 |a Nitra :  |b VŠP,  |c 1991 
300 |a 111 s. 
655 7 |a učebnice vysokých škôl  |2 SVKKKPH 
700 1 |a Tóth, Jozef  |4 aut 
910 |a svkkk 
919 |a 80-85175-89-4 
998 |a BK 
090 |g SCKHL  |k Sklad Pribinova 3. posch.  |a V.178389  |j 836434  |i 2720953608  |s Povinný výt.